000 00910nam a22001817a 4500
999 _c62808
_d62808
003 Ge_BSU
005 20250226142128.0
008 250226s1966 ge ||||| |||| 00| 0 geo d
041 _ageo
080 _a616-073.75(075.8) კ-44
100 _aკვალიაშვილი, ალექსანდრე
_924417
245 _aრენტგენოდიაგნოსტიკა : შინაგანი ორგანოები :
_b [სახელმძღვ. სამედ. ინ-ტის სტუდენტებისათვის] /
_cალექსანდრე კვალიაშვილი.
264 _aთბილისი :
_b განათლება,
_c1966.
300 _a203 გვ. :
_b ილ. ;
_c27 სმ.
653 _aრენტგენოდიაგნოსტიკა
653 _aმედიცინა
942 _2udc
_cᲬᲘᲒᲜᲘ